| 000 | 01244cam a22003617a 4500 | ||
|---|---|---|---|
| 003 | CHAP | ||
| 005 | 20220329140503.0 | ||
| 008 | 971013s1973 us a r 00010 eng d | ||
| 010 | _a52705 | ||
| 011 | _a53677 | ||
| 035 | _a57827 | ||
| 040 | _cCHAP | ||
| 082 | 0 | 4 |
_a641.452 _bF5 |
| 100 | 0 | 0 |
_aFidler, J. C. _940736 |
| 245 | 1 | 4 | _aThe biology of apple and pear storage |
| 260 |
_aLondon : _bCommonwealth Agricultural Bureaux, _c1973 |
||
| 300 |
_a235 p. _b: ilus. : láms. |
||
| 490 | 0 |
_aResearch review _v; 3 |
|
| 590 |
_aBATCH-UPD _b10 _c20130110 _lUCH01 _h0512 |
||
| 590 |
_aBATCH-UPD _b10 _c20130110 _lUCH01 _h2232 |
||
| 590 |
_aBATCH-UPD _b10 _c20130410 _lUCH01 _h0151 |
||
| 590 |
_aBATCH-UPD _b10 _c20130914 _lUCH01 _h1406 |
||
| 590 |
_aCONVERSION _b10 _c20130109 _lUCH01 _h1328 |
||
| 650 | 1 | 4 |
_aManzana _xAlmacenamiento. _970733 |
| 650 | 1 | 4 |
_aManzana _xFisiología y morfología. _970769 |
| 650 | 1 | 4 |
_aPera _xAlmacenamiento. _986960 |
| 650 | 1 | 4 |
_aPera _xFisiología y morfología. _986972 |
| 830 | 0 |
_aResearch review _v; 3 _996085 |
|
| 901 | _aBK | ||
| 942 | _cLIBRO | ||
| 949 |
_a641.452 F5 _bBC _cLIBRO _d33724000279030 _eLIBRO _fc.2 _gI.125466 _h64741 _i57827 _si _t4214.00 |
||
| 949 |
_a641.452 F5 _bBC _cLIBRO _d33724000279048 _eLIBRO _h35710 _i57827 _si |
||
| 999 |
_c52705 _d52705 |
||